Fundamentos de análisis financiero (Registro nro. 2697)

Detalles MARC
000 -LEADER
fixed length control field 01297 a2200253 4500
001 - CONTROL NUMBER
control field 36981
005 - DATE AND TIME OF LATEST TRANSACTION
control field 20260407155641.0
008 - FIXED-LENGTH DATA ELEMENTS--GENERAL INFORMATION
fixed length control field 260407a1995 arg spa d
003 - CONTROL NUMBER IDENTIFIER
control field AR-UNSa-BCEJYS
040 ## - CATALOGING SOURCE
Original cataloging agency AR-UNSa-BCEJYS
Language of cataloging spa
Transcribing agency AR-UNSa-BCEJYS
080 ## - UNIVERSAL DECIMAL CLASSIFICATION NUMBER
Universal Decimal Classification number 657.41
Common auxiliary subdivision Contabilidad Financiera
020 ## - INTERNATIONAL STANDARD BOOK NUMBER
International Standard Book Number 84-8086-197-5
041 ## - LANGUAGE CODE
Language code of text/sound track or separate title spa
100 1# - MAIN ENTRY--PERSONAL NAME
Personal name Bernstein, Leopold A.
245 10 - TITLE STATEMENT
Title Fundamentos de análisis financiero
264 #1 - PRODUCTION, PUBLICATION, DISTRIBUTION, MANUFACTURE, AND COPYRIGHT NOTICE
Place of production, publication, distribution, manufacture Barcelona :
Name of producer, publisher, distributor, manufacturer Irwin
Date of production, publication, distribution, manufacture, or copyright notice 1995
300 ## - PHYSICAL DESCRIPTION
Extent xii, 460 p.
Dimensions 23 cm.
505 ## - FORMATTED CONTENTS NOTE
Formatted contents note 1. Objetivos del análisis de estados financieros - 2. Instrumentos y técnicas de análisis de estados financieros: un panorama general - 3. Análisis de liquidez a corto plazo - 4. Análisis de flujo de efectivo y proyecciones financieras - 5. Análisis de la estructura de capital y de solvencia a largo plazo - 6. Análisis del redimiento de la inversión y de la utilización de activos - 7. Análisis de los resultados operativos - 8. Análisis de resultados operativos - 9. La evaluación y proyección de beneficios - 10. Análisis integral de estados financieros -
590 ## - LOCAL NOTE (RLIN)
Local note niveau_biblio:m niveau_hierar:0
700 1# - ADDED ENTRY--PERSONAL NAME
Personal name Díaz Díaz, José Julián
700 1# - ADDED ENTRY--PERSONAL NAME
Personal name Weihmann Illades, Gerardo Johannes
700 1# - ADDED ENTRY--PERSONAL NAME
Personal name García García, Rafael Eutimio
942 ## - ADDED ENTRY ELEMENTS (KOHA)
Koha item type
Existencias
Withdrawn status Lost status Damaged status Not for loan Home library Current library Shelving location Date acquired Total checkouts Full call number Barcode Date last seen Price effective from Koha item type
        Biblioteca Prof. Eusebio Cleto del Rey Biblioteca Prof. Eusebio Cleto del Rey   07/04/2026   657.41 B531 L125330 07/04/2026 07/04/2026 Libro